000 00349 a2200157 4500
001 76154
020 _a9788537710142
040 _cAnchieta - Colégio São Paulo
100 _aSouza, Shirley
240 1 0 _aEu preciso tanto!
_lpor
245 1 0 _aEu preciso tanto!
300 _a48
362 0 _a2009
650 4 _aLiteratura infantil
942 _cBK
999 _c76154
_d76154